La acusación: Estudio político de actualidad

Kaydedildi:
Detaylı Bibliyografya
Yazar: Letelier Madariaga, Valentín (Yazar)
Materyal Türü: Kitap
Dil:İspanyolca
Baskı/Yayın Bilgisi: Santiago Imprenta de La Libertad electoral, Bandera 41 1890
Edisyon:1a. ed
Konular:
Etiketler: Etiketle
Etiket eklenmemiş, İlk siz ekleyin!

MARC

LEADER 00000nam a2200000 a 4500
001 UCJ4546
003 CL-VaPUC
008 070124e18900000CL |||||||||||||||||spa|d
082 0 4 |a 983  |b LET  |2 21 
100 |a Letelier Madariaga, Valentín   |e author  |9 351363 
245 1 3 |a La acusación: Estudio político de actualidad 
250 |a 1a. ed 
300 |a 45 p 
942 |c BK 
945 |d 20070124 00:00:00  |a rinostro 
260 |a Santiago  |b Imprenta de La Libertad electoral, Bandera 41  |c 1890 
500 |a La c.1 se encuentra empastada junto a otras monografías en un vol. rotulado Zegers, Actualidad política, 983 ZEG. La c. 2 se encuentra en un volumen rotulado Miscelánea y se ubica en el 983 LET 
600 0 |a Balmaceda Fernández, José Manuel,  |d 1840-1891  |9 315369 
650 0 |a Partidos políticos  |9 254999 
650 0 |a Presidentes de Chile  |9 268293 
650 7 |a GUERRA CIVIL DE 1891  |2 CL-VaPUC  |9 408173 
650 0 |a Historia de Chile  |9 265473 
583 |a last modification  |c 20070124 00:00:00  |k Rodrigo Vera 
999 |c 320662  |d 320660 
952 |0 0  |1 0  |4 0  |6 983_000000000000000_LET_1890  |7 0  |8 X  |9 399225  |a FDOBUD  |b FDOBUD  |d 2019-11-22  |i 1021265  |o 983 LET 1890  |p 1021265  |r 2019-11-22  |w 2019-11-22  |y BK_X  |k BUD 
952 |0 0  |1 0  |4 0  |6 983_000000000000000_LET_1890  |7 0  |8 X  |9 399226  |a FDOBUD  |b FDOBUD  |d 2019-11-22  |i 1031643  |o 983 LET 1890  |p 1031643  |r 2019-11-22  |w 2019-11-22  |y BK_X  |k BUD